000 00707nam a22002057a 4500
005 20140924122146.0
008 140924b xxu||||| |||| 00| 0 eng d
020 _a9780753820254
050 _aPQ6668.U49
_bS66 2005
100 _aRuiz Zafón, Carlos, 1964-
240 _aSombra del viento.
_lEnglish
245 _aThe shadow of the wind /
_cby Carlos, Ruiz Zafon ; translated by Lucia Graves.
260 _aLondon :New York :
_bPhoenix ;
_c2005.
300 _a510 p. :
_c18 cm.
650 _aAntiquarian booksellers
_vFiction.
_zSpain
_zBarcelona
650 _aRare books
_vFiction.
_zSpain
_zBarcelona
650 _aBarcelona (Spain)
_vFiction.
700 _aGraves, Lucia.
942 _2lcc
_cBK
999 _c43793
_d43793